Name popular Grange Hill characters season 1-10 - Statistics

General Stats
  • This quiz has been taken 70 times
    44 since last reset
  • The average score is 29 of 72
Answer Stats
Generation Answer % Correct
A (First) Alan
86%
Be (First) Benny
86%
P (Fourth) Paul
86%
P (First) Peter
86%
R (Third) Roland
86%
T (First) Trisha
86%
A (Third) Annette
71%
C (Second) Claire
71%
M (First) Michael
71%
M (Second) Michael
71%
C (First) Cathy
57%
C (Second) Christopher
57%
D (Fourth) Danny
57%
D (Second) Duane
57%
J (Third) Jackie
57%
J (Fourth) Jane
57%
J (First) Justin
57%
L (Fourth) Luke
57%
P (Second) Precious
57%
S (Third) Samuel
57%
S (Third) Sarah
57%
S (Second) Suzanne
57%
A (First) Andrew
43%
D (Second) Douglas
43%
F (Third) Faye
43%
I (Fourth) Imelda
43%
J (Third) James
43%
J (Third) Janet
43%
K (Second) Karen
43%
K (Third) Kevin
43%
L (Fourth) Laura
43%
M (Third) Mandy
43%
M (First) Mary
43%
P (First) Penny
43%
A (Fourth) Ant
29%
B (Third) Belinda
29%
D (Second) Denny
29%
D (Third) Diane
29%
G (Fourth) Georgina
29%
G (Third) Gordon
29%
H (Fourth) Helen
29%
J (Second) Jenny
29%
J (Third) Jeremy
29%
J (First) Joseph
29%
J (First) Judy
29%
J (Fourth) Julia
29%
J (Third) Julie
29%
M (First) Madelin
29%
M (Second) Matthew
29%
N (Second) Norman
29%
R (Second) Randir
29%
R (Fourth) Robbie
29%
S (Fourth) Sharon
29%
S (Third) Steven
29%
T (First) Tommy
29%
T (Fourth) Trevor
29%
V (Fourth) Veronica
29%
A (Second) Anita
14%
A (First) Antoni
14%
C (Fourth) Caroline
14%
C (Fourth) Cheryl
14%
C (Second) Christine
14%
D (Second) Derek
14%
E (Fourth) Eric
14%
G (Second) Glenroy
14%
J (Third) Julian
14%
L (Fourth) Louise
14%
P (First) Pamela
14%
S (First) Simon
14%
S (First) Sudhamani
14%
S (First) Suzi
14%
V (Fourth) Vince
14%
No matching quizzes found
Score Distribution
Percent of People with Each Score
Percentile by Number Answered
Your Score History
You have not taken this quiz since the last reset